| 000 | 00740nam a22002297a 4500 | ||
|---|---|---|---|
| 005 | 20251108170824.0 | ||
| 008 | 250721s1998 xx 000 0 ara d | ||
| 082 | 1 | 4 | _a306.850956/جول |
| 100 | 1 | _aالجولاني، فادية عمر | |
| 245 | 1 | 0 | _aدراسات حول الأسرة العربية / |
| 264 | 1 |
_aالاسكندرية : _bمركز الاسكندرية للكتاب، _c1998. |
|
| 300 | _a220ص | ||
| 650 | 1 | 7 | _aالأسرة |
| 650 | 1 | 7 | _aالأسرة العربية |
| 650 | 1 | 7 | _aتنظيم الأسرة |
| 650 | 1 | 7 | _aحجم الأسرة |
| 650 | 1 | 7 | _aميزانية الأسرة |
| 650 | 1 | 7 | _aبنية الأسرة |
| 650 | 1 | 7 | _aالحقوق الأسرية الأردن |
| 942 |
_2ddc _cBK |
||
| 999 |
_c49805 _d49805 |
||